[Event "Hannover Bezirks op"]
[Site "Hannover"]
[Date "2020.01.25"]
[Round "1.8"]
[White "Piotrowski, Jan"]
[Black "Iavitch, Evgenij"]
[Result "0-1"]
[WhiteElo "1187"]
[BlackElo "1663"]
[PlyCount "120"]
[EventDate "2020.01.25"]
[EventType "swiss"]
[EventRounds "7"]
[EventCountry "GER"]
[SourceTitle "EXT 2023"]
[Source "ChessBase"]
[SourceDate "2022.10.05"]
[SourceVersion "1"]
[SourceVersionDate "2022.10.05"]
[SourceQuality "1"]

1. e4 e5 2. Nf3 d6 3. Nc3 Nf6 4. d4 exd4 5. Nxd4 Bd7 6. Bg5 Be7 7. Bxf6 Bxf6 8. Bc4 Nc6 9. Nxc6 Bxc3+ 10. bxc3 Bxc6 11. Qd3 0-0 12. 0-0 Qf6 13. Rfe1 Rad8 14. Qd4 Qxd4 15. cxd4 Rfe8 16. f3 Re7 17. d5 Bd7 18. Rab1 b6 19. Bb5 Bxb5 20. Rxb5 f5 21. Rb4 Rde8 22. Kf2 Kf7 23. a4 Kf6 24. g4 fxg4 25. fxg4 Ke5 26. Kg3 Rf8 27. c3 Rf4 28. Rc4 Ref7 29. Re3 a5 30. h3 g5 31. Re1 Rf3+ 32. Kg2 Rf2+ 33. Kg1 h6 34. Rb1 Re2 35. Rf1 Rxf1+ 36. Kxf1 Rxe4 37. Rxc7 Kxd5 38. Rh7 Re6 39. Rb7 Kc6 40. Rh7 d5 41. Rh8 Kc5 42. Rc8+ Rc6 43. Rh8 Kc4 44. Rd8 Kb3 45. Rxd5 Kxa4 46. Rd4+ Kb3 47. Rd1 a4 48. Rb1+ Ka2 49. Rb4 a3 50. Ke2 Rxc3 51. Rxb6 Rxh3 52. Kf2 Ka1 53. Kg2 Rh4 54. Kg3 a2 55. Kf3 Rh2 56. Kg3 Rb2 57. Rxh6 Kb1 58. Rh1+ Kc2 59. Ra1 Rb3+ 60. Kf2 Kb2 0-1

[Event "Hannover Bezirk-ch A"]
[Site "Lehrte"]
[Date "2017.10.30"]
[Round "5.2"]
[White "Piotrowski, Jan"]
[Black "Daehn, Patrick"]
[Result "0-1"]
[WhiteElo "1456"]
[BlackElo "1406"]
[PlyCount "96"]
[EventDate "2017.10.??"]
[EventType "swiss"]
[EventRounds "7"]
[EventCountry "GER"]
[SourceTitle "EXT 2022"]
[Source "ChessBase"]
[SourceDate "2021.10.06"]
[SourceVersion "1"]
[SourceVersionDate "2021.10.06"]
[SourceQuality "1"]

1. e4 e5 2. Nf3 Nc6 3. Bc4 d6 4. Nc3 Be6 5. Bb3 Nge7 6. d4 Bxb3 7. axb3 exd4 8. Nxd4 Qd7 9. Nxc6 Nxc6 10. Bf4 f5 11. Qe2 fxe4 12. Qxe4+ Be7 13. Bg5 0-0 14. Bxe7 Rae8 15. 0-0 Rxe7 16. Qc4+ Qe6 17. Qh4 Rf6 18. Rad1 Rh6 19. Qg3 Rg6 20. Qh4 Ne5 21. Qe4 Qh3 22. Qd5+ Kh8 23. Rd3 Nxd3 24. cxd3 Re5 25. Qxb7 h6 26. g3 Rh5 27. Qg2 Qxg2+ 28. Kxg2 Ra5 29. Re1 d5 30. Re5 Rb6 31. Rxd5 Rxd5 32. Nxd5 Rxb3 33. Nxc7 Rxd3 34. b4 Rd7 35. Na6 Rb7 36. h4 Rb6 37. b5 Rxb5 38. f4 Rb6 39. Nc7 a5 40. Nd5 Rb2+ 41. Kf3 a4 42. Kg4 a3 43. Ne7 a2 44. f5 Rb6 45. Kh5 a1Q 46. g4 Qf6 47. Ng6+ Kh7 48. Nf4 Rb5 0-1

[Event "Hannover Bezirks op"]
[Site "Hannover"]
[Date "2017.03.18"]
[Round "4.13"]
[White "Mumm, Karen"]
[Black "Piotrowski, Jan"]
[Result "1/2-1/2"]
[WhiteElo "1623"]
[BlackElo "1475"]
[PlyCount "28"]
[EventDate "2017.01.21"]
[EventType "swiss"]
[EventRounds "7"]
[EventCountry "GER"]
[SourceTitle "EXT 2022"]
[Source "ChessBase"]
[SourceDate "2021.10.06"]
[SourceVersion "1"]
[SourceVersionDate "2021.10.06"]
[SourceQuality "1"]

1. e4 e5 2. Nf3 Nc6 3. d4 exd4 4. Nxd4 Nf6 5. Nxc6 bxc6 6. Bd3 Bc5 7. Bg5 d6 8. Qe2 Be6 9. e5 dxe5 10. Qxe5 Bd4 11. Qe2 Bxb2 12. Bb5 cxb5 13. Qxb5+ Bd7 14. Qxb2 Qe7+ 1/2-1/2

[Event "Daehne Cup Region 15/16 VII"]
[Site "Hannover"]
[Date "2016.06.30"]
[Round "1"]
[White "Mueller, Wolfgang"]
[Black "Piotrowski, Jan"]
[Result "1-0"]
[WhiteElo "1767"]
[BlackElo "1147"]
[PlyCount "43"]
[EventDate "2016.06.30"]
[EventType "k.o."]
[EventRounds "5"]
[EventCountry "GER"]
[SourceTitle "EXT 2022"]
[Source "ChessBase"]
[SourceDate "2021.10.06"]
[SourceVersion "1"]
[SourceVersionDate "2021.10.06"]
[SourceQuality "1"]

1. e4 e5 2. Nc3 Nf6 3. f4 d6 4. Bc4 Nc6 5. Nf3 Bg4 6. 0-0 Be7 7. h3 Bh5 8. g4 Nxg4 9. hxg4 Bxg4 10. Bxf7+ Kf8 11. Bc4 Nd4 12. Nxd4 exd4 13. Qxg4 dxc3 14. Qe6 d5 15. Qxd5 Qxd5 16. Bxd5 Bc5+ 17. Kg2 c6 18. Bb3 cxd2 19. Bxd2 Rd8 20. Rad1 g6 21. Bb4 Rxd1 22. Bxc5+ 1-0

[Event "Hannover Ihme Cup"]
[Site "Hannover"]
[Date "2016.05.22"]
[Round "4"]
[White "Piotrowski, Jan"]
[Black "Redmer, Reinhard"]
[Result "1/2-1/2"]
[WhiteElo "1169"]
[BlackElo "1517"]
[PlyCount "30"]
[EventDate "2016.05.20"]
[EventType "swiss"]
[EventRounds "5"]
[EventCountry "GER"]
[SourceTitle "CBM 189 Extra"]
[Source "ChessBase"]
[SourceDate "2019.06.03"]
[SourceVersion "1"]
[SourceVersionDate "2019.06.03"]
[SourceQuality "1"]

1. e4 e6 2. d4 d5 3. exd5 exd5 4. Nc3 Nf6 5. Nf3 Bd6 6. Be2 0-0 7. 0-0 c6 8. Be3 Bg4 9. Re1 Nbd7 10. h3 Bh5 11. Qd2 Bb4 12. a3 Ne4 13. Qd3 Bxc3 14. bxc3 Qa5 15. Bd2 Bg6 1/2-1/2

[Event "Hannover-chA"]
[Site "Lehrte"]
[Date "2015.10.30"]
[Round "4"]
[White "Piotrowski, Jan"]
[Black "Nagel, Detlev"]
[Result "0-1"]
[WhiteElo "1098"]
[BlackElo "1487"]
[PlyCount "76"]
[EventDate "2015.10.29"]
[EventType "swiss"]
[EventRounds "7"]
[EventCountry "GER"]
[SourceTitle "EXT 2021"]
[Source "ChessBase"]
[SourceDate "2020.10.23"]
[SourceVersion "1"]
[SourceVersionDate "2020.10.23"]
[SourceQuality "1"]

1. e4 b6 2. d4 Bb7 3. Nc3 e6 4. Nf3 Bb4 5. Bd2 Bxc3 6. Bxc3 Bxe4 7. Bd3 Bxd3 8. Qxd3 d5 9. 0-0 Nf6 10. Bb4 Nbd7 11. Ne5 Nxe5 12. Qb5+ Ned7 13. Rfe1 a6 14. Qc6 Ra7 15. Rxe6+ Qe7 16. Rxe7+ Kd8 17. Qxd7+ Nxd7 18. Rxf7 Rg8 19. Re1 Kc8 20. Ree7 Nf6 21. Rxf6 gxf6 22. Rxh7 a5 23. Be7 c6 24. c3 Re8 25. Rh8 Raxe7 26. Rxe8+ Rxe8 27. Kf1 f5 28. g3 Kd7 29. h4 Re6 30. b3 c5 31. dxc5 bxc5 32. h5 d4 33. cxd4 cxd4 34. a3 d3 35. h6 d2 36. h7 d1Q+ 37. Kg2 Rh6 38. h8Q Qh1# 0-1

[Event "Hannover Ihme Cup"]
[Site "Hannover"]
[Date "2015.05.10"]
[Round "5"]
[White "Piotrowski, Jan"]
[Black "Mumm, Karen"]
[Result "0-1"]
[WhiteElo "1015"]
[BlackElo "1326"]
[PlyCount "98"]
[EventDate "2015.05.08"]
[EventType "swiss"]
[EventRounds "5"]
[EventCountry "GER"]
[SourceTitle "EXT 2021"]
[Source "ChessBase"]
[SourceDate "2020.10.23"]
[SourceVersion "1"]
[SourceVersionDate "2020.10.23"]
[SourceQuality "1"]

1. e4 d5 2. exd5 Nf6 3. Nc3 Nxd5 4. d4 Bf5 5. Nf3 e6 6. Bb5+ c6 7. Ba4 Nxc3 8. bxc3 Be7 9. 0-0 0-0 10. Be3 b5 11. Bb3 a5 12. a3 a4 13. Ba2 Bxa3 14. c4 Be7 15. cxb5 cxb5 16. c3 Qc7 17. Qd2 Be4 18. Bf4 Bd6 19. Bxd6 Qxd6 20. Qe3 Bd5 21. Bb1 Nd7 22. Be4 Bxe4 23. Qxe4 Nf6 24. Qd3 Rab8 25. Rfb1 Qd5 26. Rb4 Rb7 27. Rab1 Rfb8 28. Ne5 Nh5 29. Qe3 f6 30. Nd3 g5 31. Rf1 Rd8 32. f4 Rg7 33. Qh3 gxf4 34. Nxf4 Nxf4 35. Rxf4 Qg5 36. Qg3 e5 37. Qxg5 Rxg5 38. Rxf6 Kg7 39. Re6 Rd5 40. h4 Rf5 41. g3 Rf3 42. Rxe5 Rxe5 43. dxe5 Rxg3+ 44. Kf2 Rxc3 45. Rxb5 Kg6 46. Ra5 a3 47. e6 Kf6 48. Re5 Kxe5 49. e7 Rc8 0-1